Vestnik Moskovskogo universiteta

Gespeichert in:
Bibliographische Detailangaben
Format: Schriftenreihe
Sprache:Russisch
Veröffentlicht: Moskva Izdatel'stvo Moskovskogo Universiteta 2003
Tags: Tag hinzufügen
Keine Tags, Fügen Sie das erste Tag hinzu!

MARC

LEADER 00000nas2a22000001 4500
001 0052879
005 20070205094526.6
022 |a 0130-0105 
041 0 |a rus 
044 |a RU 
245 1 0 |a Vestnik Moskovskogo universiteta 
264 1 |a Moskva  |b Izdatel'stvo Moskovskogo Universiteta  |c 2003 
500 |a Chýba č. 4 
773 0 |w eu_un_cat*s120279